000 01015nam a22003377a 4500
003 CHAP
005 20220329134356.0
008 971013s r 00010 d
010 _a19598
011 _a20570
035 _a24658
040 _cCHAP
082 _a627.062
_bA54a
110 _aAmerican Water Works Association
_95313
245 _aAWWA Directory, 19 - ; reference edition
260 _aNew York,
_c19
300 _av
490 _aJournal of the AWWA
500 _a1961
590 _aBATCH-UPD
_b10
_c20130109
_lUCH01
_h2309
590 _aBATCH-UPD
_b10
_c20130110
_lUCH01
_h1427
590 _aBATCH-UPD
_b10
_c20130410
_lUCH01
_h0906
590 _aBATCH-UPD
_b10
_c20130914
_lUCH01
_h1640
590 _aCONVERSION
_b10
_c20130109
_lUCH01
_h1312
650 1 4 _aIngeniería hidráulica.
_958235
650 1 4 _aInstituciones científicas.
_958974
830 0 _aJournal of the AWWA
_962223
901 _aBK
942 _cLIBRO
949 _a627.062 A54a
_bBC
_cC
_d33724000498754
_eC
_f1961
_h19013
_i24658
_si
999 _c19598
_d19598